000 00326nam a22001337a 4500
008 181107b xxu||||| |||| 00| 0 eng d
020 _a9780195167078
041 _aeng
080 _a070
100 _a29
101 _aMED
245 _aInterplay The Process Of Interpersonal Communication
_cAdler.R.B
942 _2udc
_cBK
999 _c52115
_d52115